000 00713nam a22002297a 4500
999 _c20965
_d20965
003 AR-CdUCM
008 190610b ||||| |||| 00| 0 spa d
040 _aMUNICIPALIDAD PROVINCIAL DEL CUSCO
_cBIBLIOTECA MUNICIPAL DEL CUSCO
082 _a805 /
_bEN56
110 _aFabbri S.R.L.
_943711
245 _aFabulandia :
_bEnciclopedia de Fabula /
260 _aArgentina :
_bCodex S.A.,
_c1963.
300 _bIlusrtraciones,
_c32 cm.
440 _aFabulandia --
_n 3
_943747
500 _a4 tomos
505 _aContenido: t.3: El Ciervo -- El mono -- La cabra -- El papagayo...
650 _aCuentos
_9217
650 _aFabulas
_94606
650 _aSiglo XX
_98
942 _2ddc
_cLIBROS
945 _aJavier